000 00843nam a2200253Ia 4500
003 OSt
005 20220927105018.0
006 a|||||r|||| 00| 0
007 ta
008 220926b |||||||| |||| 00| 0 eng d
024 _a175219
037 _cReference Collections
040 _aRTL
_cRTL
_beng
041 _2eng
_aeng
082 _a"X9(KZ332)n1, N72s, L3.34"
110 _a"UNITED NATIONS, FOOD AND AGRICULTURE (Organisation)."
_9352966
245 0 _aYearbook of fishery statistics
_bCatches and landings.
260 _aItlay
_bFood and agriculture organization of the United Nations
_c1972
300 _a"xxii,560p"
_ccm.
490 _vV34
700 _a"UNITED NATIONS, FOOD AND AGRICULTURE (Organisation)."
_9352968
942 _h"X9(KZ332)n1, N72s, L3.34"
_cCC
999 _c690188
_d690188